[Event "24th ch-EUR Indiv 2024"]
[Site "Petrovac MNE"]
[Date "2024.11.12"]
[Round "5.17"]
[White "Warmerdam, Max"]
[Black "Ivanisevic, Ivan"]
[Result "1-0"]
[WhiteTitle "GM"]
[BlackTitle "GM"]
[WhiteElo "2653"]
[BlackElo "2544"]
[WhiteFideId "1048104"]
[BlackFideId "912417"]
[EventDate "2024.11.08"]

1. Nf3 Nc6 2. d4 d5 3. g3 Bg4 4. Bg2 Qd7 5. h3 Bxf3 6. exf3 e6 7. f4 Nf6 8. c3
Bd6 9. Nd2 Ne7 10. Nf3 a5 11. a4 c5 12. O-O O-O 13. Qe2 Qc7 14. Rd1 Nf5 15. dxc5
Bxc5 16. g4 Nd6 17. Ne5 Rfc8 18. Be3 Ra6 19. Bxc5 Qxc5 20. Rd4 Qc7 21. Rad1 Rb6
22. c4 Nxc4 23. Nxc4 dxc4 24. Rxc4 Rc6 25. Bxc6 bxc6 26. Qe5 h5 27. Qxc7 Rxc7
28. f5 hxg4 29. hxg4 Nd5 30. fxe6 fxe6 31. Rc5 Rb7 32. Rxc6 Kf7 33. Rd4 Rxb2 34.
Re4 Ra2 35. g5 Ra1+ 36. Kh2 Ra2 37. Kg1 Ra1+ 38. Kh2 Ra2 39. Kg3 Ra3+ 40. f3 1-0

[Event "24th ch-EUR Indiv 2024"]
[Site "Petrovac MNE"]
[Date "2024.11.12"]
[Round "5.18"]
[White "Gavrilescu, David"]
[Black "Pichot, Alan"]
[Result "1/2-1/2"]
[WhiteTitle "GM"]
[BlackTitle "GM"]
[WhiteElo "2545"]
[BlackElo "2649"]
[WhiteFideId "1227190"]
[BlackFideId "110973"]
[EventDate "2024.11.08"]

1. e4 e5 2. Nf3 Nc6 3. Nc3 Nf6 4. d4 exd4 5. Nxd4 Bb4 6. Nxc6 bxc6 7. Bd3 d5 8.
exd5 cxd5 9. O-O O-O 10. h3 c6 11. Qf3 Re8 12. Bf4 Bd6 13. Rad1 Rb8 14. b3 Qc7
15. Ne2 Be6 16. c4 Rbd8 17. Bxd6 Qxd6 18. cxd5 Bxd5 19. Qf4 a5 20. Qxd6 Rxd6 21.
Nc3 Red8 22. Be2 Ne4 23. Nxe4 Bxe4 24. Rxd6 Rxd6 25. Bc4 Kf8 26. Re1 Rd4 27. f3
Bd5 28. Bxd5 1/2-1/2

[Event "24th ch-EUR Indiv 2024"]
[Site "Petrovac MNE"]
[Date "2024.11.12"]
[Round "5.19"]
[White "Sjugirov, Sanan"]
[Black "Ahmadzada, Ahmad"]
[Result "1/2-1/2"]
[WhiteTitle "GM"]
[BlackTitle "GM"]
[WhiteElo "2649"]
[BlackElo "2542"]
[WhiteFideId "4189302"]
[BlackFideId "13413007"]
[EventDate "2024.11.08"]

1. e4 e5 2. Nf3 Nc6 3. Bb5 a6 4. Ba4 Nf6 5. O-O Be7 6. Re1 b5 7. Bb3 O-O 8. a4
b4 9. d4 d6 10. dxe5 Nxe5 11. Nbd2 Nfd7 12. Nxe5 Nxe5 13. Nf1 Bf6 14. Rb1 a5 15.
f4 Nd7 16. Be3 Bb7 17. Bd5 Bxd5 18. Qxd5 Re8 19. Nd2 g6 20. Qd3 Bg7 21. Nc4 1/2-1/2

[Event "24th ch-EUR Indiv 2024"]
[Site "Petrovac MNE"]
[Date "2024.11.12"]
[Round "5.20"]
[White "Kollars, Dmitrij"]
[Black "Gorshtein, Ido"]
[Result "1/2-1/2"]
[WhiteTitle "GM"]
[BlackTitle "GM"]
[WhiteElo "2641"]
[BlackElo "2528"]
[WhiteFideId "12909572"]
[BlackFideId "2815532"]
[EventDate "2024.11.08"]

1. d4 Nf6 2. c4 e6 3. Nc3 Bb4 4. e3 O-O 5. Bd3 d5 6. Ne2 dxc4 7. Bxc4 b6 8. O-O
Bb7 9. f3 c5 10. a3 Ba5 11. Na2 Qc8 12. Bd3 c4 13. Bc2 b5 14. Nac3 a6 15. e4 Bb6
16. Kh1 Nc6 17. e5 Ne8 18. Qe1 Qd8 19. Qg3 Nxd4 20. Nxd4 Qxd4 21. Bf4 f5 22.
exf6 Nxf6 23. Rad1 Nh5 24. Qh3 Qxf4 25. Qxe6+ Kh8 26. Qxb6 Rab8 27. Qd6 Rbe8 28.
Qxf4 Nxf4 29. Ne4 Bxe4 30. Bxe4 Rd8 31. Kg1 g6 32. Kf2 Kg7 33. g3 Ne6 34. Ke3
Nc5 35. Rxd8 Rxd8 36. Bc2 Kf6 37. Rd1 Rxd1 38. Bxd1 Ke5 39. f4+ Kd5 40. g4 a5
41. g5 b4 42. Bf3+ Kd6 43. axb4 axb4 44. Be2 Kd5 45. Bf3+ Kd6 46. Be2 Kd5 47.
Bf3+ 1/2-1/2

[Event "24th ch-EUR Indiv 2024"]
[Site "Petrovac MNE"]
[Date "2024.11.12"]
[Round "5.21"]
[White "Sargissian, Gabriel"]
[Black "Alexakis, Dimitris"]
[Result "1-0"]
[WhiteTitle "GM"]
[BlackTitle "IM"]
[WhiteElo "2640"]
[BlackElo "2520"]
[WhiteFideId "13300881"]
[BlackFideId "4277023"]
[EventDate "2024.11.08"]

1. d4 Nf6 2. c4 e6 3. Nf3 c5 4. d5 b5 5. dxe6 fxe6 6. cxb5 a6 7. e4 Nxe4 8. Bd3
Bb7 9. O-O Be7 10. Re1 Nf6 11. Nc3 O-O 12. Ne5 axb5 13. Nxb5 Nc6 14. Bf4 Nb4 15.
Bg3 Rxa2 16. Rxa2 Nxa2 17. Bc4 Bd5 18. Bxa2 Bxa2 19. Nc3 Bd5 20. Nxd5 Nxd5 21.
Qa4 Nf6 22. Bh4 d6 23. Nf3 Nd5 24. Rxe6 Bxh4 25. Qxh4 Nf4 26. Qxd8 Rxd8 27. Re3
d5 28. g3 d4 29. Ra3 Ne6 30. Nd2 Rb8 31. Nc4 Rb4 32. b3 h5 33. Ne5 Rb5 34. h4 d3
35. Nxd3 Nd4 36. Ra7 Nxb3 37. Rc7 g6 38. Rc6 Kh7 39. Ne5 c4 40. Rc7+ Kg8 41.
Nxc4 Rc5 42. Rxc5 Nxc5 43. Kg2 Kf7 44. Kf3 Kf6 45. Kf4 Ne6+ 46. Ke4 Nc5+ 47. Kd4
Ne6+ 48. Ke3 Nc5 49. Nd6 Ke5 50. Nf7+ Kf6 51. Ng5 Ke5 52. f3 Nd7 53. Nh3 Nb6 54.
Nf4 Kf5 55. Kd4 Nd7 56. Nd5 Ke6 57. Nc7+ Kf5 58. Nd5 Ke6 59. Ne3 Nf6 60. Nc4 Nd7
61. Ke4 Nc5+ 62. Kf4 Kf6 63. Nd6 Ne6+ 64. Ke4 Nc7 65. Nc4 Ke6 66. Ne3 Nb5 67.
Kf4 Nd4 68. Kg5 Kf7 69. f4 Ne6+ 70. Kh6 Nd4 71. f5 gxf5 72. Kxh5 Kf6 73. Nd5+
Ke5 74. Nf4 Kf6 75. Kh6 Nf3 76. h5 Nh2 77. Nd5+ Kf7 78. Kg5 Nf1 79. Kf4 Kg7 80.
Ne3 Nd2 81. Nxf5+ Kf7 82. g4 Nc4 83. g5 Nb6 84. Nd6+ Ke6 85. g6 Nd5+ 86. Kg5 1-0

[Event "24th ch-EUR Indiv 2024"]
[Site "Petrovac MNE"]
[Date "2024.11.12"]
[Round "5.22"]
[White "Nasuta, Grzegorz"]
[Black "Korobov, Anton"]
[Result "1/2-1/2"]
[WhiteTitle "GM"]
[BlackTitle "GM"]
[WhiteElo "2543"]
[BlackElo "2636"]
[WhiteFideId "1141686"]
[BlackFideId "14105730"]
[EventDate "2024.11.08"]

1. e4 c5 2. Nf3 d6 3. d4 cxd4 4. Nxd4 Nf6 5. Nc3 a6 6. Bc4 e6 7. Be3 Be7 8. Bb3
O-O 9. g4 Nfd7 10. h4 Nc5 11. g5 b5 12. Rg1 b4 13. Nd5 Bb7 14. Nf6+ Bxf6 15.
gxf6 g6 16. h5 Qxf6 17. hxg6 fxg6 18. Nf5 Nxb3 19. Nh6+ Kh8 20. axb3 Nc6 21.
Qxd6 Rad8 22. Qc5 Ne5 23. Rg3 Nf3+ 24. Rxf3 Qxf3 25. Qe5+ Qf6 26. Bf4 Qg7 27.
Rd1 Rxd1+ 28. Kxd1 g5 29. Bg3 Bxe4 30. Qxe6 Rf6 31. Qe8+ Rf8 32. Qe6 Rf6 33.
Qe8+ Rf8 1/2-1/2

[Event "24th ch-EUR Indiv 2024"]
[Site "Petrovac MNE"]
[Date "2024.11.12"]
[Round "5.23"]
[White "Yuffa, Daniil"]
[Black "Vetoshko, Volodymyr"]
[Result "1/2-1/2"]
[WhiteTitle "GM"]
[BlackTitle "GM"]
[WhiteElo "2631"]
[BlackElo "2513"]
[WhiteFideId "24131423"]
[BlackFideId "14122480"]
[EventDate "2024.11.08"]

1. Nf3 d5 2. c4 e6 3. e3 Nf6 4. Nc3 Nbd7 5. b3 b6 6. cxd5 exd5 7. Bb2 Bb7 8. Bd3
Nc5 9. Bc2 Ne6 10. Ne2 g6 11. O-O Bg7 12. b4 c6 13. Be5 O-O 14. Qb1 a5 15. a3
Nd7 16. Bxg7 Kxg7 17. Rc1 Qf6 18. Ra2 axb4 19. axb4 Rxa2 20. Qxa2 Ra8 21. Qb1
Ba6 22. Nc3 Nc7 23. Ba4 Bb7 24. Qc2 b5 25. Bb3 Na6 26. Na2 Nf8 27. Qb1 Bc8 28.
Nd4 Bd7 29. Bd1 Qd6 30. Qb2 f6 31. Qc3 Ne6 32. Nxe6+ Qxe6 33. Ra1 Qe5 34. Qxe5
fxe5 35. Nc1 Nc7 36. Rxa8 Nxa8 37. Nd3 Kf6 38. f4 exf4 39. exf4 Nb6 40. Nc5 Bc8
41. Kf2 h5 42. d3 Bf5 43. Bc2 d4 44. Bb3 Nd7 45. Ne4+ Ke7 46. Ke2 Be6 47. Bxe6
Kxe6 48. h3 Nb6 49. Nc5+ Kf6 50. Kf3 Nd5 51. Na6 h4 52. Ke4 g5 53. fxg5+ Kxg5
54. Nc5 Nxb4 55. Ne6+ Kf6 56. Nxd4 Kg5 57. Nf3+ Kh5 58. d4 Nd5 59. Ne5 b4 60.
Kd3 b3 61. Nxc6 Kg5 62. Ne5 Kf4 63. Kc4 Kg3 64. Kxb3 Kxg2 65. Kc4 Nf6 66. Ng6
Kxh3 67. Nxh4 1/2-1/2

[Event "24th ch-EUR Indiv 2024"]
[Site "Petrovac MNE"]
[Date "2024.11.12"]
[Round "5.24"]
[White "Stefansson, Vignir Vatnar"]
[Black "Santos Latasa, Jaime"]
[Result "1/2-1/2"]
[WhiteTitle "GM"]
[BlackTitle "GM"]
[WhiteElo "2530"]
[BlackElo "2630"]
[WhiteFideId "2308649"]
[BlackFideId "2293307"]
[EventDate "2024.11.08"]

1. c4 c5 2. Nf3 Nf6 3. Nc3 Nc6 4. e3 e6 5. d4 d5 6. cxd5 exd5 7. Be2 cxd4 8.
Nxd4 Bb4 9. O-O O-O 10. Nf3 Bxc3 11. bxc3 Bg4 12. c4 Bxf3 1/2-1/2

[Event "24th ch-EUR Indiv 2024"]
[Site "Petrovac MNE"]
[Date "2024.11.12"]
[Round "5.25"]
[White "Ioannidis, Evgenios"]
[Black "Donchenko, Alexander"]
[Result "0-1"]
[WhiteTitle "GM"]
[BlackTitle "GM"]
[WhiteElo "2497"]
[BlackElo "2617"]
[WhiteFideId "4229274"]
[BlackFideId "24603295"]
[EventDate "2024.11.08"]

1. Nf3 c5 2. c4 Nc6 3. Nc3 e5 4. e3 Nf6 5. d4 e4 6. d5 exf3 7. dxc6 dxc6 8.
Qxd8+ Kxd8 9. gxf3 g6 10. b3 Bg7 11. Bb2 b6 12. a4 a5 13. Ne4 Nh5 14. O-O-O+ Ke7
15. Ng3 Bxb2+ 16. Kxb2 Ng7 17. Be2 Bh3 18. Rd2 Rad8 19. Rhd1 Rxd2+ 20. Rxd2 g5
21. Kc1 h5 22. Ne4 Ne6 23. Kd1 f5 24. Nc3 Nf8 25. Bd3 Ng6 26. Ne2 Nh4 27. Ng1
Bg2 28. Be2 Ke6 29. Ke1 g4 30. f4 Be4 31. Bd3 Nf3+ 32. Nxf3 gxf3 33. Bxe4 fxe4
34. h3 Rg8 35. Kf1 Ke7 36. Rd1 Rg2 37. f5 Rh2 38. Kg1 Rg2+ 39. Kf1 Rh2 40. Kg1
Rxh3 41. f6+ Kxf6 42. Rd6+ Kg5 43. Rxc6 Rh4 44. Re6 Rg4+ 45. Kf1 h4 46. Re5+ Kg6
47. Re6+ Kf5 48. Rxb6 Rg2 49. Rh6 Kg4 50. Rg6+ Kh3 51. Rxg2 fxg2+ 52. Kg1 Kg4
53. Kxg2 h3+ 54. Kh2 Kf3 55. b4 axb4 56. a5 b3 57. a6 b2 58. a7 b1=Q 59. a8=Q
Qf1 60. Qf8+ Ke2 61. Qg7 Qxf2+ 62. Kxh3 Qxe3+ 63. Kg2 Qf3+ 64. Kg1 Qe3+ 65. Kg2
Kd3 66. Qa1 Qd2+ 67. Kg3 Qc3 68. Qa4 Kd2+ 69. Kf4 e3 70. Qa2+ Kd3 71. Qb1+ Qc2 0-1

[Event "24th ch-EUR Indiv 2024"]
[Site "Petrovac MNE"]
[Date "2024.11.12"]
[Round "5.26"]
[White "Tarhan, Adar"]
[Black "Bartel, Mateusz"]
[Result "1/2-1/2"]
[WhiteTitle "IM"]
[BlackTitle "GM"]
[WhiteElo "2492"]
[BlackElo "2613"]
[WhiteFideId "34544712"]
[BlackFideId "1112635"]
[EventDate "2024.11.08"]

1. e4 e5 2. Nf3 Nc6 3. Bc4 Nf6 4. d3 d5 5. exd5 Nxd5 6. O-O Nb6 7. Bb3 Bg4 8. h3
Bh5 9. Re1 Qe7 10. a4 a5 11. Nc3 O-O-O 12. Be3 f6 13. Qe2 Kb8 14. Rad1 g5 15. g4
Bg6 16. d4 e4 17. Nd2 h5 18. d5 Ne5 19. Ndxe4 hxg4 20. d6 Rxd6 21. Nxd6 Qh7 22.
Ndb5 Bb4 23. Bxb6 cxb6 24. Bd5 Qxh3 25. Bg2 Nf3+ 26. Kf1 Nh2+ 27. Kg1 Nf3+ 28.
Kf1 1/2-1/2

[Event "24th ch-EUR Indiv 2024"]
[Site "Petrovac MNE"]
[Date "2024.11.12"]
[Round "5.27"]
[White "Stoyanov, Tsvetan"]
[Black "Petrosyan, Manuel"]
[Result "0-1"]
[WhiteTitle "IM"]
[BlackTitle "GM"]
[WhiteElo "2465"]
[BlackElo "2612"]
[WhiteFideId "2917173"]
[BlackFideId "13300857"]
[EventDate "2024.11.08"]

1. c4 e6 2. Nf3 d5 3. e3 Nf6 4. Nc3 Bd6 5. b3 O-O 6. Bb2 Re8 7. d4 b6 8. Be2 Bb7
9. O-O a6 10. Ne5 Nbd7 11. Nxd7 Qxd7 12. Bf3 Ne4 13. Nxe4 dxe4 14. Be2 Rad8 15.
f4 exf3 16. Bxf3 c5 17. Bxb7 Qxb7 18. Qf3 Qxf3 19. gxf3 f5 20. f4 Rd7 21. Rad1
Red8 22. Kf2 cxd4 23. Rxd4 Bxf4 24. exf4 Rxd4 25. Bxd4 Rxd4 26. Ke3 Re4+ 27. Kf3
Kf7 28. Rc1 e5 29. fxe5 Rxe5 30. Rd1 Ke7 31. h4 Re4 32. h5 g5 33. c5 bxc5 34.
Rd5 g4+ 35. Kg3 Kf6 36. Rxc5 Kg5 37. Ra5 Re2 38. h6 Re6 0-1

[Event "24th ch-EUR Indiv 2024"]
[Site "Petrovac MNE"]
[Date "2024.11.12"]
[Round "5.28"]
[White "Theodorou, Nikolas"]
[Black "Dudin, Gleb"]
[Result "0-1"]
[WhiteTitle "GM"]
[BlackTitle "GM"]
[WhiteElo "2612"]
[BlackElo "2510"]
[WhiteFideId "4262875"]
[BlackFideId "34184934"]
[EventDate "2024.11.08"]

1. e4 c5 2. c3 Nf6 3. e5 Nd5 4. Nf3 Nc6 5. Bc4 Nb6 6. Bb3 c4 7. Bc2 d6 8. exd6
Qxd6 9. O-O Bg4 10. h3 Bh5 11. Re1 O-O-O 12. b3 Qf6 13. Na3 Nd5 14. Nxc4 Nxc3
15. dxc3 Rxd1 16. Bxd1 g5 17. Bxg5 Qg7 18. Be3 b5 19. Ncd2 Rg8 20. g3 e5 21. Nh4
Bxd1 22. Raxd1 f5 23. Kh2 Qf6 24. b4 Bd6 25. a4 a6 26. axb5 axb5 27. c4 Bxb4 28.
cxb5 Ne7 29. Ra1 Bxd2 30. Bxd2 f4 31. Ng2 Kb7 32. Bc3 Ng6 33. Nxf4 Nh4 34. Re3
Qf5 35. Bxe5 Re8 36. Ra7+ Kxa7 37. Bd4+ Kb7 38. Rxe8 Nf3+ 39. Kg2 Nxd4 40. Re7+
Kb6 41. h4 Kxb5 42. Re3 Kc6 43. Rc3+ Kd6 44. Re3 Qb5 45. Rd3 Ke5 46. Re3+ Kf6
47. g4 Qc6+ 48. Kg3 Qh1 49. Ng2 Qd1 50. Nf4 Kf7 51. h5 h6 52. Nh3 Ne6 53. Rf3+
Kg7 54. Re3 Qd6+ 55. Kg2 Nc5 56. Ng1 Qd5+ 57. f3 Qd2+ 58. Re2 Qd1 59. Ra2 Nd3
60. Ne2 Kf6 61. Ra6+ Kg5 62. Re6 Qe1 0-1

[Event "24th ch-EUR Indiv 2024"]
[Site "Petrovac MNE"]
[Date "2024.11.12"]
[Round "5.29"]
[White "Fressinet, Laurent"]
[Black "Iskandarov, Misratdin"]
[Result "1/2-1/2"]
[WhiteTitle "GM"]
[BlackTitle "GM"]
[WhiteElo "2605"]
[BlackElo "2506"]
[WhiteFideId "608742"]
[BlackFideId "13400312"]
[EventDate "2024.11.08"]

1. e4 e5 2. Nf3 Nc6 3. Bb5 a6 4. Ba4 Nf6 5. d3 d6 6. c3 g6 7. O-O Bg7 8. Re1 Bd7
9. Nbd2 O-O 10. h3 Re8 11. Nf1 h6 12. Ng3 d5 13. Bd2 dxe4 14. dxe4 b5 15. Bc2
Be6 16. a4 Qd6 17. b4 Red8 18. Qc1 Qf8 19. Be3 Nd7 20. Qb1 Nb6 21. Bxb6 cxb6 22.
axb5 axb5 23. Rxa8 Rxa8 24. Bb3 Bc4 25. Nd2 Bxb3 26. Qxb3 Qc8 27. Ngf1 Qe6 28.
Qb1 Rd8 29. Rd1 Ne7 30. Nf3 Rd7 31. Ne3 Qc6 32. Rxd7 Qxd7 33. Qa2 Qc6 34. Qc2
Qd7 35. Kf1 Nc8 36. Qd2 Qc6 37. Qd8+ Kh7 38. Nd5 Qc4+ 39. Kg1 Qxe4 40. Nf6+ Bxf6
41. Qxf6 Qf4 42. Qxe5 Qxe5 43. Nxe5 Kg7 44. f3 Ne7 45. Kf2 Nd5 46. c4 bxc4 1/2-1/2

[Event "24th ch-EUR Indiv 2024"]
[Site "Petrovac MNE"]
[Date "2024.11.12"]
[Round "5.30"]
[White "Safarli, Eltaj"]
[Black "Boyer, Mahel"]
[Result "1/2-1/2"]
[WhiteTitle "GM"]
[BlackTitle "IM"]
[WhiteElo "2596"]
[BlackElo "2506"]
[WhiteFideId "13402129"]
[BlackFideId "45102422"]
[EventDate "2024.11.08"]

1. e4 Nc6 2. d4 d5 3. e5 Bf5 4. c3 e6 5. Bd3 Nge7 6. Ne2 f6 7. f4 h5 8. Na3 Qd7
9. Nc2 Bxd3 10. Qxd3 Nf5 11. O-O h4 12. b4 a5 13. b5 Na7 14. a4 Nc8 15. Qh3 Rh6
16. Ne3 Nxe3 17. f5 Nxf5 18. Bxh6 gxh6 19. Nf4 fxe5 20. Nxe6 Qxe6 21. Rxf5 Be7
22. Re1 e4 23. c4 c6 24. bxc6 bxc6 25. cxd5 cxd5 26. Rb1 Ra6 27. Qg4 Rc6 1/2-1/2

[Event "24th ch-EUR Indiv 2024"]
[Site "Petrovac MNE"]
[Date "2024.11.12"]
[Round "5.32"]
[White "Jobava, Baadur"]
[Black "Fus, Jakub"]
[Result "1/2-1/2"]
[WhiteTitle "GM"]
[BlackTitle "IM"]
[WhiteElo "2587"]
[BlackElo "2417"]
[WhiteFideId "13601520"]
[BlackFideId "1193023"]
[EventDate "2024.11.08"]

1. d4 d5 2. Bg5 Nf6 3. e3 c5 4. Bxf6 gxf6 5. dxc5 e6 6. Nd2 Bxc5 7. Ne2 Nc6 8.
g3 e5 9. Bg2 Be6 10. O-O Qd7 11. c3 h5 12. h4 Rd8 13. a4 a6 14. a5 Kf8 15. Qa4
Kg7 16. Rfd1 Ne7 17. Qxd7 Rxd7 18. Nc1 Rc8 19. Bf3 Kh6 20. Nd3 Ba7 21. Be2 Nf5
22. Kh2 Kg6 23. Nb4 Bc5 24. Ra4 Rcd8 25. Nd3 Bd6 26. Kg1 Ne7 27. Kf1 Nc6 28. Ke1
Ne7 29. Raa1 Rc7 30. Bf1 Bg4 31. Rdc1 Rdc8 32. Bg2 Be6 33. Bf1 Bg4 34. Be2 Be6
35. Rd1 Rd8 36. Kf1 Bf5 37. Ne1 Be6 38. Nd3 Bf5 39. Re1 Be6 40. Kg1 Kh6 41. Bf1
Nc6 42. Ra4 Be7 43. Rc1 Rdc8 44. Rd1 Rd8 45. Rc1 Rdc8 46. Kh2 Na7 47. Bh3 Nb5
48. Rd1 Rd7 49. Raa1 Nd6 50. f4 e4 51. Nb4 f5 52. Nc2 Kg6 53. Nb3 Nc4 54. Ra2
Bd8 55. Rda1 Bf6 56. Nbd4 Be7 57. Kg1 Rdc7 58. Kf2 Rd8 59. Bf1 Bf8 60. Be2 Be7
61. Rd1 Bf8 62. Nb4 Rcc8 63. Nbc2 Bg7 64. Na1 Bf8 65. Nab3 Be7 66. Nd2 Nd6 67.
Rda1 Rc7 68. Bd1 Ne8 69. Bb3 Bc5 70. Rd1 Nf6 71. Nb1 Ba7 72. Na3 Ne8 73. Nac2
Nd6 74. Nb4 Nc4 75. Ke2 Rc5 76. Rda1 Kf6 77. Kf2 Kg6 78. Bd1 Rcc8 79. Be2 Rc7
80. Nbc2 Rdc8 81. Rd1 Rd8 82. Na3 Nd6 83. Raa1 Bc5 84. Rd2 Rcc8 85. Ndc2 Ne8 86.
Rad1 Nf6 87. Bc4 Be7 88. Be2 Kh6 89. Ra1 Rc5 90. Nb1 Rdc8 91. b4 R5c7 92. Nd4
Ne8 93. b5 axb5 94. Nxb5 Rc5 95. Rb2 Ra8 96. Nd4 Nd6 97. Nb3 Rc7 98. Nd4 Rc5 99.
Nb3 1/2-1/2

[Event "24th ch-EUR Indiv 2024"]
[Site "Petrovac MNE"]
[Date "2024.11.12"]
[Round "5.33"]
[White "Sedlak, Nikola"]
[Black "Laurent-Paoli, Pierre"]
[Result "1-0"]
[WhiteTitle "GM"]
[BlackTitle "GM"]
[WhiteElo "2444"]
[BlackElo "2583"]
[WhiteFideId "922900"]
[BlackFideId "26017962"]
[EventDate "2024.11.08"]

1. d4 Nf6 2. Nf3 d5 3. Bf4 c5 4. e3 Nc6 5. Be2 Nh5 6. Be5 e6 7. O-O cxd4 8. Bxd4
Be7 9. c4 Nxd4 10. Nxd4 Nf6 11. cxd5 Nxd5 12. Bf3 O-O 13. Qb3 a5 14. Rd1 a4 15.
Qc4 Qb6 16. Nc3 Nxc3 17. bxc3 e5 18. Rab1 Qg6 19. Nb5 Bf5 20. Rbc1 Qa6 21. Bd5
Rac8 22. Qe2 Rfd8 23. c4 Bg6 24. h3 a3 25. Qf3 Qa4 26. e4 b6 27. Rd3 Qxb5 28.
cxb5 Rxc1+ 29. Kh2 Rdc8 30. Rxa3 Bxa3 31. Qxa3 R1c5 32. Qa6 Rb8 33. Bc6 Rc2 34.
Qa7 Rf8 35. f3 h5 36. Qxb6 Rxa2 37. Bd5 Rd2 38. Qd6 Rd4 39. b6 h4 40. b7 1-0

[Event "24th ch-EUR Indiv 2024"]
[Site "Petrovac MNE"]
[Date "2024.11.12"]
[Round "5.34"]
[White "Fridman, Daniel"]
[Black "Agdelen, Huseyin Can"]
[Result "1-0"]
[WhiteTitle "GM"]
[BlackTitle "IM"]
[WhiteElo "2581"]
[BlackElo "2407"]
[WhiteFideId "11600454"]
[BlackFideId "6352260"]
[EventDate "2024.11.08"]

1. d4 Nf6 2. c4 e6 3. Nf3 d5 4. Nc3 Be7 5. Bg5 O-O 6. e3 h6 7. Bxf6 Bxf6 8. Qb3
c6 9. Rd1 Nd7 10. Bd3 Qc7 11. O-O dxc4 12. Qxc4 e5 13. Nd5 Qd6 14. Nxf6+ Qxf6
15. d5 cxd5 16. Qxd5 Re8 17. b3 Nb6 18. Qe4 Bd7 19. Qh7+ Kf8 20. Nd2 Bc6 21. Ne4
Qe6 22. Ng3 f6 23. Bf5 Qg8 24. Qg6 Red8 25. Qg4 Qf7 26. Be6 Qe7 27. h3 Bd7 28.
Bxd7 Rxd7 29. Nf5 Qf7 30. Rxd7 Qxd7 31. Rd1 Qf7 32. a4 g6 33. Qb4+ 1-0

[Event "24th ch-EUR Indiv 2024"]
[Site "Petrovac MNE"]
[Date "2024.11.12"]
[Round "5.35"]
[White "Gazik, Viktor"]
[Black "Bournel, Antoine"]
[Result "1-0"]
[WhiteTitle "GM"]
[BlackTitle "IM"]
[WhiteElo "2579"]
[BlackElo "2403"]
[WhiteFideId "14928752"]
[BlackFideId "26093553"]
[EventDate "2024.11.08"]

1. e4 c6 2. Nf3 d5 3. e5 Bg4 4. Be2 e6 5. O-O c5 6. c4 d4 7. Nxd4 Bxe2 8. Nxe2
Nc6 9. Nbc3 Qd7 10. f4 Nh6 11. d3 O-O-O 12. Rf3 Nf5 13. Rh3 g5 14. Ne4 Be7 15.
N2c3 h5 16. fxg5 Nxe5 17. Nb5 a6 18. Bf4 Nc6 19. Nbc3 Qd4+ 20. Kh1 Nb4 21. Qb3
Nc6 22. Rf1 h4 23. Na4 e5 24. Bd2 Ng3+ 25. hxg3 hxg3 26. Nb6+ Kb8 27. Nd5 1-0

[Event "24th ch-EUR Indiv 2024"]
[Site "Petrovac MNE"]
[Date "2024.11.12"]
[Round "5.36"]
[White "Wallace, John Paul"]
[Black "Gumularz, Szymon"]
[Result "0-1"]
[WhiteTitle "IM"]
[BlackTitle "GM"]
[WhiteElo "2368"]
[BlackElo "2579"]
[WhiteFideId "3200957"]
[BlackFideId "1188062"]
[EventDate "2024.11.08"]

1. d4 Nf6 2. c4 e6 3. Nc3 Bb4 4. e3 O-O 5. Bd3 d5 6. a3 Bxc3+ 7. bxc3 dxc4 8.
Bxc4 c5 9. Nf3 Qc7 10. Be2 b6 11. O-O Bb7 12. Bb2 Rd8 13. Re1 Nc6 14. Rc1 Ne7
15. c4 Rac8 16. Bd3 Be4 17. Bf1 Ng4 18. g3 Nf6 19. Nd2 Bb7 20. Bd3 Qc6 21. f3 h6
22. Qc2 Rd7 23. Rf1 Ne8 24. Qc3 cxd4 25. exd4 Ba6 26. a4 Qc7 27. a5 Qd8 28. axb6
axb6 29. Qa3 Bb7 30. Ba1 Nc6 31. Nb3 Nf6 32. Be2 Ra8 33. Qb2 Ra4 34. Rfd1 Ne7
35. Rd2 Nf5 36. d5 exd5 37. c5 Rc7 38. cxb6 Rxc1+ 39. Nxc1 Qa8 40. Na2 d4 41.
Qb1 Qa5 42. Rb2 d3 43. Bxd3 Nd4 44. Be2 Ra3 45. Qd1 Qc5 46. Kf1 Nxe2 47. Rxe2
Rxf3+ 48. Ke1 Qg1+ 49. Kd2 Rd3+ 0-1

[Event "24th ch-EUR Indiv 2024"]
[Site "Petrovac MNE"]
[Date "2024.11.12"]
[Round "5.37"]
[White "Motylev, Alexander"]
[Black "Djokic, Mihailo"]
[Result "1-0"]
[WhiteTitle "GM"]
[BlackTitle "FM"]
[WhiteElo "2577"]
[BlackElo "2204"]
[WhiteFideId "4121830"]
[BlackFideId "976440"]
[EventDate "2024.11.08"]

1. e4 c5 2. Nc3 Nc6 3. Nf3 g6 4. Bb5 Nd4 5. Bc4 Bg7 6. Nxd4 cxd4 7. Qf3 Nh6 8.
Ne2 O-O 9. d3 Ng4 10. Bb3 d6 11. h3 Ne5 12. Qg3 Nd7 13. h4 Nc5 14. h5 Nxb3 15.
axb3 Qe8 16. Qh2 g5 17. Bxg5 h6 18. Bd2 f5 19. Qg3 Kh7 20. Nf4 Be5 21. Qg6+ Qxg6
22. hxg6+ Kg7 23. Nd5 f4 24. g3 Kxg6 25. gxf4 Bg7 26. Nxe7+ Kf7 27. Nxc8 Rfxc8
28. Kd1 a6 29. Rc1 Rc5 30. c4 dxc3 31. bxc3 a5 32. c4 a4 33. bxa4 Rxa4 34. Rb1
Rc7 35. Ke2 Ra2 36. Ke3 d5 37. cxd5 Bf8 38. Bb4 Bg7 39. Bd6 Rd7 40. e5 1-0

[Event "24th ch-EUR Indiv 2024"]
[Site "Petrovac MNE"]
[Date "2024.11.12"]
[Round "5.38"]
[White "Koelle, Tobias"]
[Black "Moroni, Luca Jr"]
[Result "1/2-1/2"]
[WhiteTitle "IM"]
[BlackTitle "GM"]
[WhiteElo "2414"]
[BlackElo "2571"]
[WhiteFideId "16207378"]
[BlackFideId "865834"]
[EventDate "2024.11.08"]

1. d4 Nf6 2. c4 g6 3. Nc3 d5 4. cxd5 Nxd5 5. e4 Nxc3 6. bxc3 Bg7 7. Nf3 O-O 8.
Be2 c5 9. Be3 b6 10. h4 h5 11. Ng5 Nc6 12. e5 Bf5 13. g4 hxg4 14. Bxg4 cxd4 15.
cxd4 Qd7 16. Bxf5 Qxf5 17. Qf3 Qxf3 18. Nxf3 f6 19. e6 f5 20. Rd1 f4 21. Bc1
Rad8 22. d5 Nb4 23. Rg1 Rxd5 24. Rxd5 Nxd5 25. Rxg6 Rf6 26. Rxf6 Bxf6 27. Ke2 a5
28. Kd3 b5 29. a3 a4 30. Ke4 Nc3+ 31. Kd3 Nd5 32. Ke4 Nc3+ 33. Kd3 1/2-1/2